Name Every Fruit - Statistics

General Stats
  • This quiz has been taken 1,525 times
  • The average score is 39 of 75
Answer Stats
Hint Fruit % Correct
Stereotypically eaten by monkeys Banana
97%
Used to make wine Grape
97%
Its color is the same as its name Orange
96%
Commonly known tree fruit Apple
95%
Type of berry Strawberry
93%
Type of berry Blueberry
92%
Yellow citrus fruit Lemon
91%
Type of melon Watermelon
90%
Type of berry Blackberry
89%
Green citrus fruit Lime
88%
Main ingredient in marinara sauce Tomato
88%
Type of berry Raspberry
86%
Tropical fruit associated with Hawaii Pineapple
83%
Pitted fruit with fuzzy skin Peach
81%
Popular tropical fruit Mango
79%
Green seeded fruit, grows on trees Pear
78%
Citrus, commonly sold as juice Grapefruit
75%
Orange fruit used for Halloween Pumpkin
75%
Seeded fruit with green flesh Kiwi
73%
Purple pitted fruit Plum
70%
Berry eaten on Thanksgiving Cranberry
69%
Type of nut used in Nutella Hazelnut
66%
Grown in Middle East, usually dried Date
65%
Tropical fruit with white flesh Coconut
64%
Used in Mexican dishes Avocado
62%
Asian fruit with many seeds Dragonfruit
62%
Pitted fruit, usually dried Apricot
61%
Red pitted fruit Cherry
60%
Purple, mistaken for vegetable Eggplant
60%
Asian fruit known for bad smell Durian
56%
Larger version of previously mentioned citrus fruit Tangerine
56%
Pitted fruit, often used to make oil Olive
55%
Red fruit with many seeds Pomegranate
55%
Type of nut, often used in salads Walnut
55%
Type of melon Honeydew
54%
Tropical fruit with orange flesh Papaya
54%
Type of nut, commonly used in pies Pecan
53%
Tropical fruit with pink flesh Guava
52%
Type of melon Cantaloupe
50%
Grows on vine, mistaken for vegetable Cucumber
49%
Category of fruit grown on vine Melon
48%
Pitted fruit without fuzzy skin Nectarine
48%
Tropical fruit named after its shape Starfruit
48%
Nut named after country Brazil nut
47%
Mediterranean fruit, grows on trees Fig
47%
Can be spicy or sweet, mistaken for vegetable Pepper
45%
Asian fruit with jelly like flesh Lychee
44%
Tropical fruit with many seeds Passionfruit
42%
Tropical fruit, usually fried Plantain
42%
Nut commonly eaten on Christmas Chestnut
37%
Tropical fruit grown in South Asia Jackfruit
37%
Citrus fruit found in school lunch Clementine
36%
Tropical berry Acai
34%
Type of nut used to flavor eggnog Nutmeg
34%
Grows on vine, mistaken for vegetable Squash
34%
Berry named after a bird Gooseberry
32%
Grows on vine, mistaken for vegetable Zucchini
32%
Small citrus fruit Kumquat
31%
Large citrus fruit Pomelo
30%
Sweet and juicy orange fruit Persimmon
25%
Type of berry, usually colored black Currant
22%
Tropical bean used for flavoring Vanilla
21%
Nut commonly grown in Hawaii Macadamia nut
20%
Berry with health benefits Elderberry
17%
Fruit found on cactus Prickly pear
17%
Japanese citrus fruit Yuzu
17%
Type of berry, commonly used for jam Huckleberry
16%
Another Asian fruit with jelly like flesh Rambutan
16%
Commonly fried, mistaken for vegetable Okra
15%
Yellow fruit usually consumed cooked Quince
14%
Starchy tropical fruit Breadfruit
13%
Purple colored berry Mulberry
12%
Legumious fruit used for medical purposes Tamarind
7%
South Asian fruit, used in cocktails Longan
5%
Green tropical fruit Cherimoya
3%
No matching quizzes found
Score Distribution
Percent of People with Each Score
Percentile by Number Answered
Your Score History
You have not taken this quiz